Flagi niemieckich odpowiedników województw - Statystyki

Ogólne statystyki
  • Ten quiz został rozwiązany 177 razy
  • Średni wynik to 5 z 16
Statystyki odpowiedzi
Obrazkowy Odpowiedź % Poprawnych
Bawaria
95%
Saksonia
57%
Berlin
55%
Hamburg
43%
Hesja
29%
Saksonia-Anhalt
26%
Brandenburgia
23%
Brema
21%
Dolna Saksonia
19%
Meklemburgia-Pomorze Przednie
17%
Nadrenia Północna-Westfalia
17%
Badenia-Wirtembergia
15%
Turyngia
15%
Szlezwik-Holsztyn
13%
Saara
11%
Nadrenia-Palatynat
9%
Nie znaleziono quizów pasujących do podanych kryteriów
Rozkład punktacji
Procent ludzi z każdym wynikiem
Percentyl według liczby udzielonych odpowiedzi
Twoja historia wyników
Nie rozwiązałeś tego quizu